000 00658nam a2200205Ia 4500
003 OSt
005 20240109084151.0
008 210716s2007 xx 000 0 und d
040 _cAIMIT LIBRARY
041 _aeng
082 _a004 SIVS
100 _aSivasubramanyam Y;Shenoy, Deepak Ranjan.
_9147741
245 _aFoundation program: computer hardware and system software concepts programming fundamentals.
_bComputer hardware and system software concepts programming fundamentals.
250 _a1
260 _aBangalore
_bInfosys Technologies Ltd
_c2007
300 _avi,285
440 _vI
650 _aNone
_9147742
942 _2ddc
_cBK
_k004 SIVS
999 _c188445
_d188445